| 000 | 01014nmm a2200301 a 4500 | ||
|---|---|---|---|
| 001 | ocm0002146063 | ||
| 003 | TR-IsHL | ||
| 005 | 20201028181727.0 | ||
| 008 | 190108s2016 tu tur | ||
| 007 | cr cn | ||
| 020 | _a9786059790246 | ||
| 035 |
_a2146063 _b(N$T) |
||
| 050 | 0 | 4 |
_aGV1204.8 _b.T87 2016 |
| 090 | 0 | 4 |
_aGV1204.8 _b.T87 2016 |
| 100 | 1 | _aTürkoğlu, Hüseyin | |
| 245 | 1 | 0 |
_aGeçmişten günümüze çocuk oyunları _h[electronic resource] / _cHüseyin Türkoğlu ; resimleyen Halime Nur Sevim |
| 260 |
_aİstanbul : _bAkıl Fikir Yayınları, _c2016 |
||
| 300 | _a160 p. | ||
| 650 | 4 | _aEğitim | |
| 650 | 4 | _aEducation | |
| 650 | 0 |
_aÇocuk oyunları _x Tarih _x Türkiye |
|
| 650 | 0 |
_aChildren's games _x History _x Turkey |
|
| 650 | 0 |
_aEğitim _x Mizah |
|
| 650 | 0 |
_aEducation _x Humor |
|
| 650 | 7 |
_aGAMES & ACTIVITIES / General _2bisacsh |
|
| 700 | 1 | _aSevim, Halime Nur | |
| 856 | 4 | 0 | _uhttp://search.ebscohost.com/login.aspx?direct=true&scope=site&db=e011xww&AN=2146063 |
| 999 |
_c19735 _d19735 |
||